| 000 | 01243nam a2200241Ii 4500 | ||
|---|---|---|---|
| 003 | JO-AjNU | ||
| 005 | 20240630113654.0 | ||
| 008 | 230605s9999||||xx |||||||||||||| ||und|| | ||
| 040 |
_aJO-AjNU _bara _erda _cJO-AjNU |
||
| 041 | _aara | ||
| 050 | 1 | 4 | _aLC3965 2022 |
| 100 | 1 |
_aرحاحلة، لجين سعد محمد _eمعد _965963 |
|
| 245 | 0 | 0 |
_aفاعلية برنامج قائم على العلاج السلوكي في خفض اللوك الانسحابي لدى الطلبة ذوي صعوبات التعلم =The Effectiveeness of a program Based on Cognitive Behavioral Therapy in Rstudents in Reducing withdrawal Behavior Amomng student with Disabilities / _cاعداد لجين سعد محمد رحاحلة؛ اشراف نايف علي وحشة |
| 264 | 3 | 1 | _a 2022 |
| 300 | _a80 ورقة | ||
| 336 |
_atext _btxt _2rdacontent |
||
| 337 |
_aunmediated _bn _2rdamedia |
||
| 338 |
_avolume _bnc _2rdacarrier |
||
| 500 | _aرسالة جامعية(اطروحة ماجستير) جامعة عجلون الوطنية، كلية العلوم التربوية تخصص صعوبات التعلم 2022 | ||
| 650 | 4 |
_aصعوبات التعلم-السلوك _963310 |
|
| 700 | 1 |
_aوحشه، نايف علي _eمشرف _965964 |
|
| 942 |
_2lcc _cTHS |
||
| 999 |
_c32277 _d32277 |
||